000 01921nam a2200193 i 4500
001 768714001
003 CO-MdFUSB
005 20220725164448.0
008 220725t1984 ck |||| |||| 00| 0 spa d
040 _bspa
_cCO-MdFUSB
_dCO-MdFUSB
041 _aspa
100 _aBöll, Heinrich,
_eautor
245 _aOpiniones de un payaso
_c/ Heinrich Böll
300 _aVolumen 11, (1984) páginas 477 - 626 ;
_c22 cm
520 _a«Soy un payaso y colecciono momentos», con estas palabras se describe a sí mismo Hans Schnier, un artista venido a menos, destruido por la pérdida de un horizonte social y personal que le es tan ajeno como la felicidad que le ha sido vetada. Narrada en primera persona, Opiniones de un payaso es la obra con la que Heinrich Böll se situó definitivamente en el centro de la conciencia alemana, no solamente de la literaria sino sobretodo de la moral, política y religiosa. Católico ferviente, Böll se sintió obligado a manifestar su repugnancia ante las formas de adulteración y perversión que ciertos elementos representativos del catolicismo alemán creyeron conveniente adoptar con el fin de defender posiciones del poder político. A través de la irónica, inconformista, y a la vez conmovedora historia de «su payaso», Böll quiso devolver al catolicismo la conciencia de su espiritualidad y de sus deberes con las personas y sus humildes y patéticas pasiones individuales. Humor y ternura convierten estas páginas en el magistral retrato de una sociedad hipócrita y materialista, en una crítica feroz capaz de sobrecoger al admirado lector. No en vano ha sido éste uno de los mayores best-sellers de la literatura alemana de posguerra; no en vano es, hoy en día, un clásico imprescindible.
653 _aLiteratura alemana
773 0 _067924
_981150
_aOveja Negra,
_o24700
_tMaestros de la literatura universal
_w(CO-MdFUSB)768714001
_z8482806718
942 _cBK
999 _c68004
_d68004